| 000 | 004060000a22001570004500 | ||
|---|---|---|---|
| 003 | LK-CoMWRAF | ||
| 008 | 230817t ||||| |||| 00| 0 eng d | ||
| 040 |
_aLK-CoMWRAF _dLK-CoMWRAF _eLK-CoMWRAF |
||
| 041 | _aeng | ||
| 082 |
_a100 _bTHI |
||
| 245 |
_aThiru Qur'an _bThe holy Qur'an text,translation,short notes(Tamil) |
||
| 260 |
_aMadras _bIFT _c1997 |
||
| 300 | _ap.1227 | ||
| 650 | _aQur'an | ||
| 942 | _cBK | ||
| 999 |
_c2916 _d2916 |
||